|
|
|
|
| LEADER |
00000nam a2200000 i 4500 |
| 001 |
in00000000615 |
| 005 |
20251126061348.7 |
| 002 |
510033 |
| 008 |
020614s2000 unr l000 0yukr d |
| 020 |
|
|
|a 9665740199
|c 5.30 грн.
|
| 035 |
|
|
|a ( UA-KiNSAL)510033
|
| 040 |
|
|
|a UA-KiNSAL
|b ukr
|c UA-KiNSAL
|
| 080 |
|
|
|a 330.131.7(075.8)
|
| 090 |
|
|
|a 330.131.7(075.8)
|
| 100 |
1 |
|
|a Вітлінський, В.В.
|q (Вальдемар Володимирович),
|e автор.
|
| 245 |
1 |
0 |
|a Аналіз, моделювання та управління економічним ризиком :
|b Навч.-метод. посіб. для самост. вивч. дисципліни /
|c В.В. Вітлінський, П.І. Верченко; М-во освіти і науки України, Київ. нац. екон. ун-т
|
| 260 |
|
|
|a К. :
|b КНЕУ,
|c 2000
|
| 300 |
|
|
|a 292 с.
|
| 504 |
|
|
|a Бібліогр.: с. 287
|
| 530 |
|
|
|a Original record
|u https://kubg.libs.net.ua/kubg_recs/0000002458.txt
|
| 650 |
0 |
4 |
|a Підприємницький ризик
|x Аналіз
|x Управління
|
| 700 |
1 |
|
|a Верченко, П.І.
|q Петро Іванович
|e автор
|
| 711 |
2 |
1 |
|a М-во освіти і науки України
|
| 711 |
2 |
1 |
|a Київ. нац. екон. ун-т
|
| 942 |
|
|
|2 UDC
|c BK
|
| 952 |
|
|
|a XP
|b книга
|d ХР
|z 20020614
|i 510033
|j 510033
|o 330.131.7(075.8)
|a 1996/25
|g 5.30
|c 1
|
| 952 |
|
|
|a XP
|b книга
|d ХР
|z 20020614
|i 513343
|p Kn0006408
|j 510033
|o 330.131.7(075.8)
|a 1996/25
|g 5.30
|c 2
|
| 920 |
|
|
|a PAZK
|
| 961 |
|
|
|a 691
|
| 991 |
0 |
0 |
|a 510033
|
| 997 |
|
|
|a 0000002458
|
| 998 |
|
|
|a 2458
|
| 999 |
f |
f |
|i cea15317-2312-4ddf-ac4b-213f96fe2df5
|s b3049827-472d-4c17-a3b7-856caabc42cd
|t 0
|
| 952 |
f |
f |
|p Може видаватися
|a Національна наукова сільськогосподарська бібліотека
|b Центральна будівля
|c ННСБ всі підрозділи
|d Відділ зберігання
|t 0
|e 510033
|i книга
|n 1
|
| 952 |
f |
f |
|p Може видаватися
|a Національна наукова сільськогосподарська бібліотека
|b Центральна будівля
|c ННСБ всі підрозділи
|d Відділ зберігання
|t 0
|e 510033
|i книга
|m Kn0006408
|n 2
|